000 00514nam a2200205Ia 4500
003 GCL
008 140319s9999 xx 000 0 eng d
040 _aGCL /
_cGCL
082 0 4 _aCC
_b709.012
_bL A
100 1 _aDRIOTON,ETIENNE
245 1 0 _aLES PHARAONS 'A LA CONQUETE DE L'ART /
_cDRIOTON,ETIENNE
700 1 _aDU BOURGUET, PIERRE
260 _a[S.N] :
_bDDB
300 _a423 P P
650 0 4 _aANCIENT EGYPT
650 0 4 _aART
650 0 4 _aPHARAOHS
650 0 4 _aART, ANCIENT EGYPT
942 _2ddc
_cBK
999 _c12377
_d12377